Villes de Saône-et-Loire de plus de 10 000 hab - Statistiques

Statistiques générales
  • Ce quiz a été pris 151 fois
  • Le résultat moyen est 4 sur 5
Statistiques - réponses
Ville Population % Correct
Mâcon 35 072
98%
Chalon-sur-Saône 45 031
97%
Le Creusot 20 176
73%
Montceau-les-Mines 15 938
73%
Autun 12 910
71%
Aucun quiz correspondant
Distribution des résultats
% des personnes avec chaque résultat
Percentile par nombre de réponses
Votre historique - résultats
Vous n’avez pas pris ce quiz